| 000 | 01069cam a2200217 4500 | ||
|---|---|---|---|
| 001 | ABS63451 | ||
| 008 | 000000n2001 000 0 eng u | ||
| 035 | _a(Sirsi) u110701 | ||
| 100 | _aLinsell, R. | ||
| 245 | _aWhen does a partnership exist? | ||
| 260 | _c2001 | ||
| 490 |
_aSolicitors' Journal _v145(2) 19 January 2001, 45(1) |
||
| 520 | _aExamines "Khan v Miah" and the implications for partnerships and all other collaborative commercial ventures. Although the partnership, for which there was no formal agreement, had failed before the restaurant had been opened the HL ruled that many commercial activities involving expenditure had taken place and that the parties had clearly been working together in a common enterprise and that K was entitled to a settlement. Concludes that a partnership exists where there is an intention to make a profit rather than once that profit has been realised. | ||
| 590 | _aABS | ||
| 650 | _aCASE LAW | ||
| 650 | _aKHAN V MIAH | ||
| 650 | _aPARTNERSHIP LAW | ||
| 650 | _aPARTNERSHIPS | ||
| 690 | _aLAW | ||
| 942 | _n0 | ||
| 999 |
_c65973 _d65973 |
||